Statistiken für Geschichte des Judentums

Klicken Sie hier um das Quiz zu spielen!

Allgemein

  • Dieses Quiz wurde 52 mal gespielt
  • Das Durchschnittsergebnis liegt bei 10 aus 32

Antwortstatistiken

JahrFrageAntwort% Korrekt
ca. 1200 v. Chr. (*)Führte laut dem Buch Exodus die Israeliten aus der Ägypten und empfang das Jüdische Gesetz inklusive der Zehn GeboteMose
100%
ca. 2000 v. Chr. (*)Gilt als Stammvater des Volkes Israel. Vater von Isaak und IsmaelAbraham
87%
1933-1945Dieser Staat führt eine systematische Verfolgung und Ermordung von Juden mit dem Ziel der Vernichtung des europäischen Judentums durch, der etwa sechs Millionen Menschen zum Opfer fallenDeutschland
77%
70 n. Chr.Die Eroberung und Plünderung dieser Stadt führt zum Ende der zweiten TempelperiodeJerusalem
66%
586 v. Chr.Die Elite des Südreichs Juda wird in diese Stadt verschleppt, in der große Teile des Tanachs entstehenBabylon
55%
957 v. Chr. (*)Dieser dritte König Israels lässt den Ersten Tempel bauenSalomon
51%
73 v. Chr. - 4 n. Chr.Letzter König von Judah, baute den Tempel aus und trägt den Beinamen "Der Große". In der Bibel als Kindsmörder verunglimpftHerodes
49%
1880er - 1920erEine große Immigrationswelle aus verschiedenen Staaten macht dieses Land zum Land mit der weltweit größten (oder zweitgrößten) Anzahl an JudenVereinigte Staaten
47%
1947Erster Premierminister des neugegründeten Staates IsraelDavid Ben-Gurion
43%
1096Feldzug, welcher zu umfassenden Judenverfolgungen, insbesondere in Deutschland, führteErster Kreuzzug
40%
1791Erster europäischer Staat, welcher die vollständige Emanzipation der jüdischen Bevölkerung erreichteFrankreich
38%
1050 v. Chr. (*)Nach dem Buch Samuel erster König Israels und Vorgänger von König DavidSaul
34%
ca. 250 v. Chr. - 100 n. Chr.Mit der Septuaginta wird der Tanach in diese Sprache übersetztGriechisch
32%
1894Französischer Offizier welcher aus antisemitschen Gründen wegen angeblicher Spionage in ein Straflager verbannt wird und trotz besserem Wissen nicht rehabilitiert wird. Die Affäre weitet sich zu einem bedeutendem politschem Skandal in Frankreich ausAlfred Dreyfus
28%
720 v. Chr.Dieses Großreich aus Mesopotamien erobert das Nordreich IsraelAssyrien
28%
1896Autor des Pamphletes "Der Judenstaat", welches als einer der wichtigsten Gründungstextes des Zionismus giltTheodor Herzl
28%
1729-1786Bedeutender Vertreter dieser Aufklärung, Autor von Phädon, Freund Lessings, sowie Großvater zweier bekannter Komponist*innenMoses Mendelssohn
21%
38 n. Chr. - 100 n. Chr.Wichtiger Jüdischer Historiker, welcher über die obigen Ereignisse berichteteFlavius Josephus
19%
165 v. Chr.Gruppe der Anführer eines Aufstandes gegen die Seleukidenherrschaft und für religiöse und politische Selbstbestimmung der Juden. Namensgeber einer jüdischen SportbewegungMakkabäer
19%
1264Dieses Land erlässt das Statut von Kalisch, welches jüdische Rechte schützt und so ein großem Anwachsen der jüdischen Bevölkerung bewirktPolen
19%
4. Jhd. - 1270In diesem Land existiert das jüdische Königreich Semien, dessen Bevölkerung auch Beta Israel genannt wirdÄthiopien
17%
1917Diese Erklärung des Vereinigten Königreiches sagt Juden eine "Nationale Heimstätte des Jüdischen Volkes" in Palästina zuBalfour-Deklaration
17%
ca. 200Der erste Teil dieser bedeutenden Gesetzesinterpretation wird vollendedTalmud
17%
538 v. Chr.Perserkönig, welcher die Juden aus der Gefangenschaft befreit und sie den zweiten Tempel bauen lässtKyros
15%
1632-1677Portugiesisch-Niederländischer Jude, dessen philosophische Theorien des Pantheismus großen Einfluss auf den Idealismus haben wirdBaruch de Spinoza
13%
1135-1204Bedeutender Spanisch-Ägyptischer Universalgelehrter, Autor der Mischne Tora und des Führers der UnschlüssigenMaimonides
13%
1492/1494Diese jüdische Gemeinschaft wird aus Spanien und Portugal vertrieben und bildet eine distinkte Kultur in ihrer DiasporaSephardim
13%
1120Bezeichnung für die Verbindung der Jüdischen Gemeinden Mainz, Speyer und Worms, welche als Geburtsorte des aschkenasischen Judentums geltenSchUM
11%
132 - 136Letzter Jüdisch-Römischer Krieg, welcher zur endgültigen Zerstreuung des Judentums führteBar-Kochba-Aufstand
6%
ca. 1740Diese Strömung des orthodoxen Judentums ensteht in der Ukraine, womöglich Begründet durch den (legendären) Rabbi Israel ben ElieserChassidismus
6%
ca. 800Die Anführer dieses Steppenreiches konvertieren zum JudentumChasarenreich
4%
ca. 1770-1881Bezeichnung für die jüdische Aufklärung, welche für jüdische Emanzipation sowie Säkularisierung auftratHaskala
4%

Verteilung der Resultate

Perzentil nach korrekt beantworteten Fragen

Anzahl Personen mit jedem Resultat

Ihre Resultats-Entwicklung

Sie haben dieses Quiz noch nicht gespielt